000 00780 a2200241 4500
005 20251223104730.0
008 251223b |||||||| |||| 00| 0 eng d
020 _a978-1-7936-1849-8 (pbk)
037 _cTB
040 _aCRL
_cCRL
041 _2eng
_aeng
084 _aR3xM72 R2
_qCRL
100 _aPerez-Jara, Javier
_9846485
245 _aScience and Apocalypse in Bertrand Russell
260 _aLanham, USA:
_bLexington Books,
_c2022.
300 _aix;244p.
365 _b30.00
_cUKP
650 _aPhilosophy
_9858864
650 _aRussell, Bertrand
_9858865
700 _aCamprubi, Lino
_eEditor
_9858866
942 _cTB
_2CC
_n0
_hR3xM72 R2
999 _c1464000
_d1464000